States with the most Punjabi-Americans, highest to lowest - Statistics

General Stats
  • This quiz has been taken 5 times
  • The average score is 14 of 51
Answer Stats
Number Answer % Correct
142,450 California
100%
17,225 New Jersey
100%
36,435 New York
100%
9,795 Texas
80%
7,828 Virginia
60%
18,410 Washington
60%
507 Alabama
40%
3,833 Arizona
40%
1,121 Colorado
40%
1,455 Connecticut
40%
2,544 Florida
40%
2,540 Georgia
40%
92 Idaho
40%
6,195 Illinois
40%
6,691 Indiana
40%
1,948 Kansas
40%
7,612 Michigan
40%
5,057 Pennsylvania
40%
33 Alaska
20%
478 Arkansas
20%
214 Delaware
20%
68 Hawaii
20%
481 Iowa
20%
317 Kentucky
20%
7,147 Maryland
20%
4,917 Massachusetts
20%
1,153 Minnesota
20%
1,670 Missouri
20%
12 Montana
20%
2,190 Nevada
20%
3,642 North Carolina
20%
5,011 Ohio
20%
464 Oklahoma
20%
1,570 Oregon
20%
74 Rhode Island
20%
676 South Carolina
20%
189 Washington DC
20%
0 West Virginia
20%
2,852 Wisconsin
20%
0 Wyoming
20%
612 Louisiana
0%
5 Maine
0%
858 Mississippi
0%
160 Nebraska
0%
359 New Hampshire
0%
207 New Mexico
0%
23 North Dakota
0%
0 South Dakota
0%
379 Tennessee
0%
1,383 Utah
0%
289 Vermont
0%
No matching quizzes found
Score Distribution
Percent of People with Each Score
Percentile by Number Answered
Your Score History
You have not taken this quiz